| 000 | 03859nam a22006491u 4500 | ||
|---|---|---|---|
| 001 | playwb001190 | ||
| 003 | UtOrBLW | ||
| 005 | 20240215111404.0 | ||
| 006 | m cq h | ||
| 007 | cs nzannnauuuu | ||
| 007 | sz zunznnnzned | ||
| 008 | 230605s2023 ohua j 000 1 eng d | ||
| 020 |
_z9781733329200 _q(print) |
||
| 020 |
_a9798822674301 _q(Wonderbook) : _c$52.99 |
||
| 028 | 0 | 1 |
_aWB001190 _bPlayaway Products |
| 035 | _a(OCoLC)1389416273 | ||
| 040 |
_aUtOrBLW _beng _erda _cUtOrBLW |
||
| 050 | 4 |
_aPZ7.O41404 _bJu 2023 |
|
| 082 | 0 | 4 |
_a[Fic] _223 |
| 092 |
_aJunior Wonderbook _bRebel Girls |
||
| 100 | _aRebel Girls | ||
| 110 | 2 |
_aRebel Girls, _eauthor. |
|
| 245 | 1 | 0 |
_aJunko Tabei masters the mountain / _cRebel Girls. |
| 264 | 1 |
_aSolon, Ohio : _bPlayaway Products, LLC, _c[2023] |
|
| 300 |
_a1 Wonderbook : _bcolor illustrations ; _ccm. |
||
| 336 | _aspoken word | ||
| 336 | _astill image | ||
| 337 | _aaudio | ||
| 337 | _aunmediated | ||
| 338 | _aother | ||
| 338 | _avolume | ||
| 490 | 1 | _aGood night stories chapter books | |
| 500 | _aTitle supplied by publisher. | ||
| 500 | _aRelease date supplied by publisher. | ||
| 500 | _aIssued as a Wonderbook, a pre-loaded audiobook player permanently attached to a hardcover book. | ||
| 500 | _aPowered by a rechargeable battery ; USB charger required for recharging. | ||
| 500 | _aAudiobook player has 2 modes. Read-Along mode narrates the story. Learning mode asks questions related to the story. | ||
| 500 | _aPrint book published by Rebel Girls. | ||
| 500 | _aAudiobook originally released by Penguin Random House. | ||
| 511 | 0 | _aNarrated by Not Yet Available. | |
| 520 | _aFrom the world of Good Night Stories for Rebel Girls comes the historical novel based on the life of Junko Tabei, the first female climber to summit Mount Everest. Junko is bad at athletics. Really bad. Other students laugh because they think she is small and weak. Then her teacher takes the class on a trip to a mountain. It's bigger than any Junko's ever seen, but she is determined to make it to the top. Ganbatte, her teacher tells her. Do your best. After that first trip, Junko becomes a mountaineer in body and spirit. She climbs snowy mountains, rocky mountains, and even faraway mountains outside of her home country of Japan. She joins clubs and befriends fellow climbers who love the mountains as much as she does. Then, Junko does something that's never been done before... she becomes the first woman to climb the tallest mountain in the world. Junko Tabei Masters the Mountains is the story of the first woman to climb Mount Everest. Even more than that, it's a story about conquering fears, personal growth, and never shying away from a challenge. This historical fiction chapter book includes additional text on Junko Tabei's lasting legacy, as well as educational activities designed to strengthen physical skills and conquer fears. | ||
| 521 | 2 | _aGrades 3 - 7. | |
| 600 | 1 | 0 |
_aTabei, Junko, _d1939-2016 _vJuvenile fiction. _96475444 |
| 611 | 2 | 0 |
_aMount Everest Expedition _d(1975) _vJuvenile fiction. _96475445 |
| 650 | 0 |
_aMountaineering _vJuvenile fiction. _95695963 |
|
| 650 | 0 |
_aWomen mountaineers _vJuvenile fiction. _96475446 |
|
| 650 | 0 |
_aMountaineers _zJapan _vJuvenile fiction. _96475447 |
|
| 651 | 0 |
_aNepal _vJuvenile fiction. _96437668 |
|
| 651 | 0 |
_aEverest, Mount (China and Nepal) _vJuvenile fiction. _95695964 |
|
| 655 | 7 |
_aHistorical fiction. _2lcgft |
|
| 655 | 7 |
_aBiographical fiction. _2lcgft |
|
| 655 | 7 |
_aChildren's audiobooks. _2lcgft _95675081 |
|
| 700 | 1 |
_aKato-Kiriyama, Traci, _eillustrator. _95979004 |
|
| 710 | 2 |
_aPlayaway Products, LLC, _eissuing body. _96466400 |
|
| 830 | 0 | _aGood night stories for rebel girls chapter book. | |
| 942 |
_2ddc _cWONDERBOOK |
||
| 999 |
_c389017 _d389017 |
||